Online
Catalog

Death on the ice : (Record no. 17623)

MARC details
000 -CABECERA
campo de control de longitud fija 00789cam a2200217 a 4500
001 - NÚMERO DE CONTROL
campo de control 000018101
005 - FECHA Y HORA DE LA ÚLTIMA TRANSACCIÓN
campo de control 20200929165345.0
008 - DATOS DE LONGITUD FIJA--INFORMACIÓN GENERAL
campo de control de longitud fija 721207s1972 xxca 000 0 eng d
020 ## - NÚMERO INTERNACIONAL ESTÁNDAR DEL LIBRO
Número Internacional Estándar del Libro 0385050372
040 ## - FUENTE DE LA CATALOGACIÓN
Centro catalogador/agencia de origen DO-SdBNP
Lengua de catalogación eng
Centro/agencia transcriptor LC
Centro/agencia modificador BNPHU
082 ## - NÚMERO DE LA CLASIFICACIÓN DECIMAL DEWEY
Número de clasificación 813.5
Número de documento/Ítem B877d
049 ## - FONDOS LOCALES (OCLC)
Fondos de biblioteca BNGR
100 1# - ENTRADA PRINCIPAL--NOMBRE DE PERSONA
Nombre de persona Brown, Cassie,
Fechas asociadas al nombre 1919-1986
9 (RLIN) 39238
245 10 - MENCIÓN DE TÍTULO
Título Death on the ice :
Resto del título the great Newfoundland sealing disaster of 1914 /
Mención de responsabilidad, etc. Cassie Brown y Harold Horwood.
260 ## - PUBLICACIÓN, DISTRIBUCIÓN, ETC.
Lugar de publicación, distribución, etc. Toronto :
Nombre del editor, distribuidor, etc. Doubleday Canada Limited;
Lugar de publicación, distribución, etc. Garden City, New York :
Nombre del editor, distribuidor, etc. Doubleday & Company,
Fecha de publicación, distribución, etc. 1972.
300 ## - DESCRIPCIÓN FÍSICA
Extensión xii, 270 p. :
Otras características físicas il. ;
Dimensiones 22 cm.
650 #4 - PUNTO DE ACCESO ADICIONAL DE MATERIA--TÉRMINO DE MATERIA
Término de materia o nombre geográfico como elemento de entrada Novela canadiense
9 (RLIN) 7990
650 #4 - PUNTO DE ACCESO ADICIONAL DE MATERIA--TÉRMINO DE MATERIA
Término de materia o nombre geográfico como elemento de entrada Literatura canadiense
Subdivisión cronológica SIGLO XX
9 (RLIN) 7991
700 1# - PUNTO DE ACCESO ADICIONAL--NOMBRE DE PERSONA
Nombre de persona Horwood, Harold Andrew,
Fechas asociadas al nombre 1923-
9 (RLIN) 39239
910 ## - DATOS DE OPCIÓN DEL USUARIO (OCLC)
Datos de opción del usuario Catalogación por copia / LC
Holdings
Estado de retiro Estado de pérdida Restricciones de uso No para préstamo Código de colección Localización permanente Ubicación/localización actual Ubicación en estantería Fecha de adquisición Número de inventario Total de préstamos Signatura topográfica completa Código de barras Fecha visto por última vez Precio válido a partir de Tipo de ítem Koha
        Monografías: Libros y Folletos General General En catalogación 14.04.2010 LF1   813.5 B877d 18101-10 25.06.2020 25.06.2020 Préstamo en sala

Powered by Koha